Normal view
MARC view
- Saunders,Anthiny / Cornett,Marcia Millon
Entry Personal Name
001 - CONTROL NUMBER
- control field: 1370
003 - CONTROL NUMBER IDENTIFIER
- control field: JO-AjAnu
005 - DATE AND TIME OF LATEST TRANSACTION
- control field: 20230606070528.0
008 - FIXED-LENGTH DATA ELEMENTS
- fixed length control field: 230606|| aca||aabn | a|a d
040 ## - CATALOGING SOURCE
- Original cataloging agency: JO-AjAnu
- Transcribing agency: JO-AjAnu
100 ## - HEADING--PERSONAL NAME
- Personal name: Saunders,Anthiny / Cornett,Marcia Millon
670 ## - SOURCE DATA FOUND
- Source citation: Work cat.: (JO-AjAnu)723: Saunders,Anthiny / Cornett,Marcia Millon, author, Financial markets and Institutions : An Introduction to the Risk Management A pproach